[Event "WYCC 2018 O14"]
[Site "Halkidiki"]
[Date "2018.10.29"]
[Round "10"]
[White "Risteski, Emil"]
[Black "Vettese, Nicholas"]
[Result "0-1"]
[WhiteElo "2120"]
[BlackElo "2338"]
[Annotator "TA"]
[PlyCount "138"]
[EventDate "2018.10.20"]
[EventType "swiss"]
[EventCountry "GRE"]
[SourceTitle "playchess.com"]
[Source "ChessBase"]
[SourceQuality "1"]

{[%evp 23,138,-13,-25,-15,-8,-22,-17,-45,-44,-42,-39,-36,-41,-34,-37,-49,-50,-48,-44,-59,-62,-108,-109,-131,-47,-89,-55,-91,-18,-10,-10,-18,-12,-17,-12,-33,-39,-33,-35,-51,-9,-19,-14,-14,0,-6,-15,-51,0,0,0,-20,0,0,0,0,0,0,0,-46,0,-22,0,0,0,-41,-44,-69,-36,-248,-2,-16,0,-201,-81,-994,-830,-790,-634,-995,-1013,-991,-982,-823,-953,-670,-672,-29953,-10949,-29957,-29957,-29951,-7949,-12846,-10359,-29967,-29969,-29969,-29963,-29976,-29977,-29979,-29980,-29980,-29980,-29981,-29982,-29985,-29983,-29983,-29984,-29983,-29984,-29987,-29988,-29991,-29992]} 1. e4 c5 2. Nf3 d6 3. d4 cxd4 4. Nxd4 Nf6 5. Nc3 a6 6. Be2 e6 7. Be3 Qc7 8. O-O b5 9. a3 Bb7 10. f3 Nbd7 11. Qe1 {B84: Sicilian Scheveningen: 6 Be2 a6, lines without early Be3} Be7 12. Qg3 O-O {LiveBook: 3 Games} 13. Kh1 {Black has an edge.} Kh8 {[#]} 14. Rae1 $146 ({Predecessor:} 14. Qh3 Ne5 15. g4 Nc4 16. Bxc4 Qxc4 17. g5 Nd7 18. Rg1 Ne5 {0-1 (35) Apicella,M (2553)-Vachier Lagrave,M (2527) Chartres 2005}) 14... Rac8 15. Bd3 d5 16. Qxc7 Rxc7 17. exd5 Nxd5 18. Nxd5 Bxd5 19. Bf4 Rcc8 20. c3 Bf6 21. Bd6 Rfd8 22. f4 Nb6 23. Be5 Bh4 (23... Be7 $1 $17 24. f5 f6 25. Nxe6 fxe5 26. Nxd8 Rxd8 27. Rxe5 Bf6) 24. Re3 $1 $15 {Threatening Rh3.} f6 25. Nxe6 $1 {Threatens to win with Bc7.} Bxe6 (25... fxe5 $17 26. Nxd8 Rxd8 27. fxe5 Bg5) 26. Bd4 $1 $11 Bc4 {White must now prevent ...f5!} 27. g3 Nd5 28. Ref3 Ne7 29. Bxc4 (29. Re3 $5 {[%cal Rd3c4]} Nc6 30. Bxc4 bxc4 31. Rd1 $15) 29... bxc4 30. gxh4 Nf5 31. Re1 Re8 32. Rff1 Nxh4 33. Bf2 Nf5 34. Kg2 Kg8 35. Kf3 Kf7 (35... Red8 $1 $15 36. Rd1 Rb8) 36. Rxe8 Rxe8 {[%mdl 4096] Endgame KRB-KRN} 37. Re1 Rd8 38. Re4 $1 Nd6 39. Re2 Rc8 40. Bd4 g6 41. Rc2 h6 42. Re2 g5 43. fxg5 hxg5 {[%cal Bh6g5,Bg5h4][%mdl 32]} 44. h4 gxh4 45. Kg4 Rh8 46. Rh2 $2 {[#]} (46. Kh3 $1 $15) 46... Rg8+ $2 ({Better is} 46... h3 $1 $19 {[%mdl 512] White should prevent ...Ne4.} 47. Rxh3 f5+ 48. Kg3 Ne4+ 49. Kg2 Rg8+ 50. Kf1 Rb8) 47. Kf4 Rh8 $2 (47... Re8 $11) 48. Kg4 $1 $19 {[#]} Ne4 (48... h3 $1 $19 {[%mdl 512]} 49. Rxh3 f5+ 50. Kg3 Ne4+ 51. Kg2 Rg8+ 52. Kf1 Rb8) 49. Rxh4 $2 {[%mdl 8192]} (49. Kf5 $17 Ng3+ 50. Kg4) 49... f5+ 50. Kh3 Rxh4+ 51. Kxh4 {KB-KN} Ke6 52. Kh3 Kd5 53. Kg2 Nc5 54. Kf3 Nd3 55. Bb6 {[#]} Kc6 $1 {[%cal Rc6b6]} 56. Ba7 Kb5 57. Ke3 Ka4 (57... Nxb2 $142 58. Ke2 Ka4 59. Bc5 Nd3 60. Be7 Nf4+ 61. Kd2 Nd5 62. Bf8 Kb3 63. a4 Nxc3 64. a5 Na2 65. Bh6 c3+ 66. Ke1 c2 67. Kf2 Ka4 68. Bg5 c1=Q 69. Be3 Qc2+ 70. Kg3 Kxa5 71. Bg1 Nc3 72. Ba7 Qe2 73. Bb8 Qg4+ 74. Kf2 f4 75. Bc7+ Kb5 76. Bxf4 Qxf4+ 77. Kg1 Ne4 78. Kh1 Qf3+ 79. Kh2 Qf2+ 80. Kh3 Qg3#) 58. Kd4 Kb3 59. a4 Nxb2 {Black mates.} 60. a5 Na4 61. Ke5 Kxc3 62. Kxf5 Kd3 63. Bb8 Nc5 64. Bf4 Nb3 65. Ke5 Nxa5 66. Kd5 Nb3 67. Kc6 c3 {[%cal Bc4c3,Bc3c2][%mdl 32]} 68. Kb6 c2 69. Bc1 Nxc1 {Precision: White = 32%, Black = 55%.} 0-1

[Event "WYCC 2018 O14"]
[Site "Halkidiki"]
[Date "2018.10.29"]
[Round "10"]
[White "Torngren, Gustav"]
[Black "Domalchuk-Jonasson, Aleksandr"]
[Result "1/2-1/2"]
[WhiteElo "2107"]
[BlackElo "1963"]
[Annotator "TA"]
[PlyCount "143"]
[EventDate "2018.10.20"]
[EventType "swiss"]
[EventCountry "GRE"]
[SourceTitle "playchess.com"]
[Source "ChessBase"]
[SourceQuality "1"]

{[%evp 19,143,23,20,0,6,-7,0,-22,0,-1,13,-6,5,-6,6,14,9,0,5,0,0,-22,0,-8,22,22,22,22,22,22,20,0,22,22,22,18,22,8,22,7,32,10,31,13,27,17,154,93,74,45,61,27,61,0,0,0,0,-20,-17,-26,0,8,37,37,63,58,58,65,58,65,62,63,63,67,77,35,35,22,41,57,53,23,27,21,51,0,0,0,0,0,8,0,0,0,0,0,0,0,0,0,0,0,0,0,0,0,0,0,0,0,0,0,0,0,0,0,0,0,0,0,0,0,0,0,0,0]} 1. d4 Nf6 2. c4 e6 3. Nf3 Bb4+ 4. Bd2 Qe7 5. g3 b6 6. Bg2 Bb7 7. O-O Bxd2 8. Qxd2 d6 9. Nc3 Ne4 10. Qc2 {E16: Queen's Indian: 4 g3 Bb7 5 Bg2 Bb4+} (10. Nxe4 Bxe4 11. Qe3 Bb7 12. Qd3 Nd7 13. e4 e5 14. Rfe1 O-O 15. Rad1 Rfe8 16. Nd2 exd4 17. Qxd4 Qe5 18. Nf3 Qc5 19. Qxc5 Nxc5 {½-½ (39) Postny,E (2569)-Fedorchuk,S (2640) Belgium 2017}) 10... Nxc3 {LiveBook: 10 Games} 11. bxc3 Nd7 12. e4 e5 $146 ({Predecessor:} 12... O-O 13. Rfe1 e5 14. a4 a5 {0-1 (41) Bartl,U (2071)-Schreiner,P (2088) Austria 2007}) 13. Nd2 O-O {[%cal Be8g8,Bg8g7,Bg7h7][%mdl 32]} 14. Rfe1 Rfe8 15. Re2 Rad8 16. Qd3 g6 17. Rf1 Kg7 18. Bh3 Nf6 19. f3 h6 20. Rff2 Kh7 (20... h5 {feels hotter.} 21. Bg2 h4 22. g4 c5 23. h3 Nh7) 21. Nf1 Bc8 22. Bxc8 Rxc8 23. Ne3 c6 24. Kg2 Rcd8 25. Rf1 Kg7 26. Rfe1 Qc7 27. a4 Rb8 28. Ra1 a5 29. Rb2 Nd7 30. Rab1 Rb7 31. Kh1 Reb8 32. f4 f6 (32... Nf6 $11 {remains equal.}) 33. Qe2 (33. h4 $142) 33... Qd8 $16 34. Rf1 Qe7 35. Qg2 Re8 36. fxe5 (36. d5 $14 Rc7 37. f5) 36... fxe5 $11 37. Rbf2 Rf8 38. Rxf8 Nxf8 39. Qf3 exd4 40. cxd4 {d5 is the strong threat.} Ne6 41. Nf5+ gxf5 42. exf5 Qf6 43. fxe6 Qxf3+ 44. Rxf3 $14 {[%mdl 4096] Endgame KR-KR} d5 $1 {[%cal Rd5c4]} 45. cxd5 cxd5 46. Kg2 Re7 $1 47. Rf5 Rxe6 48. Rxd5 {Strongly threatening Rd7+.} Rc6 49. Kf3 Rc4 $1 50. Ke4 {With the idea Rd7+.} Rxa4 51. Rd7+ Kf8 52. Ke5 (52. Rh7 $14) 52... Ra2 $11 {The position is equal.} 53. Rb7 Rxh2 54. Rxb6 Rg2 55. Ke6 Rxg3 {[#] And now ...Rg6+ would win.} 56. Rb8+ Kg7 57. d5 a4 58. d6 Re3+ 59. Kf5 Rd3 60. Rb7+ Kf8 61. Ke6 {[#] Hoping for Rb8+.} Re3+ 62. Kd7 a3 63. Ra7 h5 64. Ra4 Rf3 65. Ke6 Re3+ 66. Kd7 Rf3 67. Kd8 Kf7 68. d7 Kf8 69. Kc8 Rc3+ 70. Kd8 Rf3 71. Ra8 {White threatens Kc7+ and mate.} Rc3 72. Ra4 {Precision: White = 41%, Black = 52%.} 1/2-1/2

[Event "WYCC 2018 O14"]
[Site "Halkidiki"]
[Date "2018.10.29"]
[Round "10"]
[White "Wang, Alex"]
[Black "Cohen Revivo, Shoham"]
[Result "1/2-1/2"]
[WhiteElo "2076"]
[BlackElo "2289"]
[Annotator "NA"]
[PlyCount "58"]
[EventDate "2018.10.20"]
[EventType "swiss"]
[EventCountry "GRE"]
[SourceTitle "playchess.com"]
[Source "ChessBase"]
[SourceQuality "1"]
[TimeControl "40/5400+30:1800+30"]

1. e4 {[%emt 0:00:00]} e6 {[%emt 0:00:00]} 2. d4 {[%emt 0:00:00]} d5 {[%emt 0:00:00]} 3. Nd2 {[%emt 0:00:00]} c5 {[%emt 0:00:00]} 4. exd5 {[%emt 0:00:00]} Qxd5 {[%emt 0:00:00]} 5. Ngf3 {[%emt 0:00:17]} cxd4 {[%emt 0:00:00]} 6. Bc4 {[%emt 0:00:28]} Qd7 {[%emt 0:00:03]} 7. O-O {[%emt 0:13:05]} Nc6 {[%emt 0:00:07]} 8. Nb3 {[%emt 0:00:45]} Nf6 {[%emt 0:01:48]} 9. Nbxd4 {[%emt 0:00:36]} Nxd4 {[%emt 0:00:09]} 10. Nxd4 {[%emt 0:00:33]} a6 {[%emt 0:00:07]} 11. Re1 {[%emt 0:04:30]} Qc7 {[%emt 0:00:20]} 12. Bb3 {[%emt 0:01:13]} Bd6 {[%emt 0:02:01]} 13. Nf5 {[%emt 0:00:12]} Bxh2+ {[%emt 0:01:16]} 14. Kh1 {[%emt 0:00:23]} O-O {[%emt 0:00:17] [#]} 15. Nxg7 $1 {[%emt 0:00:23]} Kxg7 {[%emt 0:02:19]} (15... Rd8 $14 16. Qf3 Kxg7 17. Bh6+ Kg6) 16. Qd4 {[%emt 0:02:13]} e5 {[%emt 0:56:01]} 17. Qh4 {[%emt 0:00:23]} Ng4 {[%emt 0:00:11] LiveBook: 7 Games} 18. f3 {[%emt 0:05:21]} Qd8 {[%emt 0:01:33]} 19. Bg5 $18 {[%emt 0:08:57]} f6 {[%emt 0:01:35]} 20. fxg4 {[%emt 0:01:13]} fxg5 {[%emt 0:00:10]} 21. Qxh2 {[%emt 0:00:03]} Rf4 {[%emt 0:03:43]} 22. g3 {[%emt 0:17:09]} Rf3 {[%emt 0:06:18]} 23. Rxe5 {[%emt 0:17:50]} Qf6 {[%emt 0:03:38]} 24. Rae1 {[%emt 0:00:56]} Rf1+ {[%emt 0:02:41]} 25. Rxf1 {[%emt 0:00:05]} Qxf1+ {[%emt 0:00:11]} 26. Qg1 {[%emt 0:00:02]} Qh3+ {[%emt 0:02:15]} 27. Qh2 {[%emt 0:00:03]} Qf1+ {[%emt 0:01:05]} 28. Qg1 {[%emt 0:00:03]} Qh3+ {[%emt 0:03:04]} 29. Qh2 {[%emt 0:00:03]} Qf1+ {[%emt 0:00:07]} 1/2-1/2

[Event "WYCC 2018 O14"]
[Site "Halkidiki"]
[Date "2018.10.29"]
[Round "10"]
[White "Runets, Ivan"]
[Black "Wernberg, Hugo"]
[Result "1/2-1/2"]
[WhiteElo "2047"]
[BlackElo "1956"]
[Annotator "NA"]
[PlyCount "103"]
[EventDate "2018.10.20"]
[EventType "swiss"]
[EventCountry "GRE"]
[SourceTitle "playchess.com"]
[Source "ChessBase"]
[SourceQuality "1"]
[TimeControl "40/5400+30:1800+30"]

1. d4 {[%emt 0:01:06]} d5 {[%emt 0:00:00]} 2. Nf3 {[%emt 0:00:27]} Nf6 {[%emt 0:00:00]} 3. Bf4 {[%emt 0:00:39]} c5 {[%emt 0:00:13]} 4. c3 {[%emt 0:00:27]} e6 {[%emt 0:00:13]} 5. e3 {[%emt 0:00:50]} Nc6 {[%emt 0:00:25]} 6. Nbd2 {[%emt 0:01:40]} Be7 {[%emt 0:00:39]} 7. h3 {[%emt 0:07:05]} Bd6 {[%emt 0:00:13]} 8. Bxd6 {[%emt 0:02:04]} Qxd6 {[%emt 0:00:03]} 9. Be2 {[%emt 0:00:17]} O-O {[%emt 0:00:26]} 10. O-O {[%emt 0:00:09]} e5 {[%emt 0:00:23]} 11. dxe5 {[%emt 0:07:08]} Nxe5 {[%emt 0:00:11]} 12. Nxe5 {[%emt 0:00:07]} Qxe5 {[%emt 0:00:11]} 13. Nf3 {[%emt 0:01:09]} Qe7 {[%emt 0:00:10]} 14. Qa4 {[%emt 0:08:05]} Bd7 {[%emt 0:02:39]} 15. Qh4 {[%emt 0:02:32]} Bc6 {[%emt 0:05:27]} 16. Rfd1 {[%emt 0:00:49]} Rfe8 {[%emt 0:02:16]} 17. a4 {[%emt 0:11:24]} Ne4 {[%emt 0:02:25]} 18. Qxe7 {[%emt 0:01:01]} Rxe7 {[%emt 0:00:02]} 19. a5 {[%emt 0:03:55]} Rae8 {[%emt 0:10:32]} 20. Bf1 {[%emt 0:11:16]} g5 {[%emt 0:06:13]} 21. c4 {[%emt 0:10:53]} dxc4 {[%emt 0:01:11]} 22. Bxc4 {[%emt 0:00:55]} h5 {[%emt 0:01:35]} 23. Nh2 {[%emt 0:07:05]} Kg7 {[%emt 0:04:44]} 24. Bd5 {[%emt 0:01:58]} f5 {[%emt 0:07:16]} 25. Rac1 {[%emt 0:02:04]} Bxd5 {[%emt 0:06:36]} 26. Rxd5 {[%emt 0:00:06]} Kg6 {[%emt 0:01:15]} 27. Nf1 {[%emt 0:04:18]} b6 {[%emt 0:11:06]} 28. axb6 {[%emt 0:03:22]} axb6 {[%emt 0:00:33]} 29. Rcd1 {[%emt 0:01:40]} Re5 {[%emt 0:06:20]} 30. Rd7 {[%emt 0:01:23]} R5e7 {[%emt 0:02:16]} 31. R7d3 {[%emt 0:02:05]} b5 {[%emt 0:02:21]} 32. Rd5 {[%emt 0:02:02]} Re5 {[%emt 0:03:36]} 33. Rd7 {[%emt 0:00:52]} R5e7 {[%emt 0:00:54]} 34. Rxe7 {[%emt 0:00:38]} Rxe7 {[%emt 0:00:09]} 35. Rd5 {[%emt 0:01:17]} Rc7 {[%emt 0:00:56]} 36. f3 {[%emt 0:01:00]} Nf6 {[%emt 0:00:11]} 37. Rd6 {[%emt 0:00:30]} b4 {[%emt 0:03:06]} 38. Rb6 {[%emt 0:00:59]} Ra7 {[%emt 0:03:00]} 39. Nd2 {[%emt 0:01:12]} Ra1+ {[%emt 0:01:00]} 40. Kf2 {[%emt 0:00:00]} Rc1 {[%emt 0:00:00]} 41. b3 {[%emt 0:09:56]} Kg7 {[%emt 0:06:35]} 42. Nc4 {[%emt 0:00:47]} Rc2+ {[%emt 0:03:38]} 43. Kg1 {[%emt 0:01:32]} Rc1+ {[%emt 0:04:30]} 44. Kh2 {[%emt 0:03:07]} Nd5 {[%emt 0:01:17]} 45. Rd6 {[%emt 0:06:43]} Rd1 {[%emt 0:02:26]} 46. Rc6 {[%emt 0:00:24]} Rd3 {[%emt 0:01:06]} 47. e4 {[%emt 0:05:15]} fxe4 {[%emt 0:12:32]} 48. fxe4 {[%emt 0:00:12]} Ne3 {[%emt 0:03:57]} 49. Rc7+ {[%emt 0:06:50]} Kf6 {[%emt 0:01:35]} 50. Rc6+ {[%emt 0:01:12]} Kg7 {[%emt 0:00:30]} 51. Rc7+ {[%emt 0:01:53]} Kf6 {[%emt 0:00:17]} 52. Rc6+ {[%emt 0:00:34] Ke5} 1/2-1/2

[Event "WYCC 2018 O14"]
[Site "Halkidiki"]
[Date "2018.10.29"]
[Round "10"]
[White "Karadzhov, Ivan"]
[Black "Bolognese, Leonardo"]
[Result "0-1"]
[WhiteElo "2040"]
[BlackElo "1947"]
[Annotator "NA"]
[PlyCount "144"]
[EventDate "2018.10.20"]
[EventType "swiss"]
[EventCountry "GRE"]
[SourceTitle "playchess.com"]
[Source "ChessBase"]
[SourceQuality "1"]
[TimeControl "40/5400+30:1800+30"]

1. d4 {[%emt 0:00:00]} d5 {[%emt 0:00:00]} 2. c4 {[%emt 0:00:00]} e6 {[%emt 0:00:00]} 3. Nc3 {[%emt 0:00:15]} c6 {[%emt 0:00:09]} 4. e3 {[%emt 0:01:11]} Nf6 {[%emt 0:00:15]} 5. Nf3 {[%emt 0:00:18]} Nbd7 {[%emt 0:00:29]} 6. b3 {[%emt 0:00:56]} Bb4 {[%emt 0:03:00]} 7. Bd2 {[%emt 0:00:42]} O-O {[%emt 0:04:53]} 8. Bd3 {[%emt 0:00:31]} b6 {[%emt 0:00:33]} 9. O-O {[%emt 0:00:44]} Bd6 {[%emt 0:08:13]} 10. e4 {[%emt 0:16:45]} dxe4 {[%emt 0:01:02]} 11. Nxe4 {[%emt 0:00:32]} Nxe4 {[%emt 0:00:06]} 12. Bxe4 {[%emt 0:00:09]} Bb7 {[%emt 0:00:28]} 13. Qc2 {[%emt 0:08:38]} h6 {[%emt 0:07:55]} 14. b4 {[%emt 0:09:59]} Nf6 {[%emt 0:05:45]} 15. c5 {[%emt 0:07:18]} Bc7 {[%emt 0:01:40]} 16. a4 {[%emt 0:04:24]} Nxe4 {[%emt 0:12:09]} 17. Qxe4 {[%emt 0:00:19]} Ba6 {[%emt 0:00:04]} 18. Rfc1 {[%emt 0:03:27]} Rb8 {[%emt 0:01:05]} 19. cxb6 {[%emt 0:04:57]} axb6 {[%emt 0:01:32]} 20. Qxc6 {[%emt 0:00:59]} Bd6 {[%emt 0:00:26]} 21. Qc3 {[%emt 0:06:10]} Bb7 {[%emt 0:06:33]} 22. Ne5 {[%emt 0:08:58]} Rc8 {[%emt 0:13:26]} 23. Qe3 {[%emt 0:01:23]} Qh4 {[%emt 0:03:54]} 24. f4 {[%emt 0:04:03]} Bxe5 {[%emt 0:06:27]} 25. dxe5 {[%emt 0:02:07]} Qg4 {[%emt 0:01:15]} 26. Qf2 {[%emt 0:01:07]} Rcd8 {[%emt 0:01:12]} 27. Be3 {[%emt 0:01:36]} Rd3 {[%emt 0:03:40]} 28. Re1 {[%emt 0:04:17]} Rfd8 {[%emt 0:07:20]} 29. h3 {[%emt 0:06:23]} Qg6 {[%emt 0:01:40]} 30. b5 {[%emt 0:04:16]} Rc3 {[%emt 0:03:45]} 31. Ra2 {[%emt 0:00:50]} Rdd3 {[%emt 0:00:52]} 32. Ree2 {[%emt 0:01:36]} Rxe3 {[%emt 0:01:07]} 33. Rxe3 {[%emt 0:00:20]} Rxe3 {[%emt 0:00:06]} 34. Kh2 {[%emt 0:00:55]} Qe4 {[%emt 0:02:07]} 35. Rd2 {[%emt 0:00:39]} Rd3 {[%emt 0:00:37]} 36. Rxd3 {[%emt 0:00:29]} Qxd3 {[%emt 0:00:10]} 37. Qxb6 {[%emt 0:00:27]} Qe4 {[%emt 0:00:23]} 38. Qd8+ {[%emt 0:00:26]} Kh7 {[%emt 0:00:18]} 39. Qd2 {[%emt 0:00:06]} Qxa4 {[%emt 0:00:20]} 40. Qd3+ {[%emt 0:00:00]} Qe4 {[%emt 0:00:00]} 41. Qd2 {[%emt 0:02:08]} Qd5 {[%emt 0:03:41]} 42. Qc2+ {[%emt 0:00:22]} g6 {[%emt 0:00:12]} 43. b6 {[%emt 0:00:33]} Qd4 {[%emt 0:01:22]} 44. Qc7 {[%emt 0:03:09]} Qxf4+ {[%emt 0:00:42]} 45. Kg1 {[%emt 0:00:08]} Bd5 {[%emt 0:03:55]} 46. b7 {[%emt 0:00:38]} Qe3+ {[%emt 0:00:29]} 47. Kh2 {[%emt 0:00:17]} Qf2 {[%emt 0:00:25]} 48. Qxf7+ {[%emt 0:00:29]} Qxf7 {[%emt 0:00:07]} 49. b8=Q {[%emt 0:00:07]} Qb7 {[%emt 0:00:27]} 50. Qe8 {[%emt 0:01:50]} Bxg2 {[%emt 0:00:14]} 51. Qxe6 {[%emt 0:00:07]} Bd5 {[%emt 0:00:13]} 52. Qg4 {[%emt 0:01:04]} Qb2+ {[%emt 0:00:54]} 53. Kg1 {[%emt 0:00:12]} Qb1+ {[%emt 0:00:52]} 54. Kf2 {[%emt 0:00:16]} Qf5+ {[%emt 0:00:19]} 55. Qxf5 {[%emt 0:00:40]} gxf5 {[%emt 0:00:06]} 56. Kg3 {[%emt 0:00:08]} Kg6 {[%emt 0:01:03]} 57. Kf4 {[%emt 0:00:50]} Be4 {[%emt 0:00:14]} 58. h4 {[%emt 0:00:43]} Kf7 {[%emt 0:00:12]} 59. Kg3 {[%emt 0:00:17]} Ke6 {[%emt 0:00:07]} 60. Kf4 {[%emt 0:00:06]} Bb1 {[%emt 0:00:08]} 61. h5 {[%emt 0:00:18]} Bc2 {[%emt 0:00:05]} 62. Kf3 {[%emt 0:00:11]} Kxe5 {[%emt 0:00:06]} 63. Kg3 {[%emt 0:00:15]} Ke4 {[%emt 0:00:13]} 64. Kf2 {[%emt 0:00:07]} Kf4 {[%emt 0:00:17]} 65. Kg2 {[%emt 0:00:06]} Ke3 {[%emt 0:00:07]} 66. Kg3 {[%emt 0:00:10]} f4+ {[%emt 0:00:13]} 67. Kg2 {[%emt 0:00:04]} f3+ {[%emt 0:00:18]} 68. Kf1 {[%emt 0:00:12]} Bd3+ {[%emt 0:00:26]} 69. Kg1 {[%emt 0:00:08]} f2+ {[%emt 0:00:09]} 70. Kg2 {[%emt 0:00:06]} f1=Q+ {[%emt 0:00:08]} 71. Kh2 {[%emt 0:00:06]} Qf2+ {[%emt 0:00:14]} 72. Kh1 {[%emt 0:00:12]} Be4# {[%emt 0:00:06]} 0-1

[Event "WYCC 2018 O14"]
[Site "Halkidiki"]
[Date "2018.10.29"]
[Round "10"]
[White "Kasioumis, Vasilios"]
[Black "Tanriverdi, Enes"]
[Result "1-0"]
[WhiteElo "2038"]
[BlackElo "2317"]
[Annotator "NA"]
[PlyCount "87"]
[EventDate "2018.10.20"]
[EventType "swiss"]
[EventCountry "GRE"]
[SourceTitle "playchess.com"]
[Source "ChessBase"]
[SourceQuality "1"]
[TimeControl "40/5400+30:1800+30"]

1. e4 {[%emt 0:00:00]} c5 {[%emt 0:00:00]} 2. Nf3 {[%emt 0:00:00]} e6 {[%emt 0:00:00]} 3. d4 {[%emt 0:00:00]} cxd4 {[%emt 0:00:00]} 4. Nxd4 {[%emt 0:00:00]} Nc6 {[%emt 0:00:00]} 5. Nc3 {[%emt 0:00:00]} Qc7 {[%emt 0:00:00]} 6. Be3 {[%emt 0:00:00]} a6 {[%emt 0:00:05]} 7. Qf3 {[%emt 0:00:00]} Bd6 {[%emt 0:00:07]} 8. O-O-O {[%emt 0:00:04]} Be5 {[%emt 0:00:04]} 9. g3 {[%emt 0:00:06]} b5 {[%emt 0:00:05]} 10. Qe2 {[%emt 0:03:46]} Bb7 {[%emt 0:00:12]} 11. Qd2 {[%emt 0:04:03]} b4 {[%emt 0:42:13]} 12. Na4 {[%emt 0:04:57]} Nf6 {[%emt 0:00:11]} 13. Nc5 $2 {[%emt 0:10:20] [#]} (13. Bg2 $11 {and White is okay.}) 13... Qa5 $18 {[%emt 0:04:43]} (13... Bxd4 $1 $19 {avoids the disaster.} 14. Bxd4 Nxd4 15. Nxb7 (15. Qxd4 $2 Rc8 $19) 15... e5) 14. Nxb7 {[%emt 0:09:38]} Qxa2 {[%emt 0:00:06]} 15. Qd3 {[%emt 0:00:05]} Qa1+ {[%emt 0:05:18]} 16. Kd2 {[%emt 0:00:05]} Qxb2 {[%emt 0:00:06]} 17. Nxc6 {[%emt 0:09:00]} dxc6 {[%emt 0:04:44]} 18. Bc5 {[%emt 0:05:46]} Nd7 {[%emt 0:14:30]} 19. Bd6 {[%emt 0:11:40]} Ra7 {[%emt 0:02:24]} 20. Bxe5 {[%emt 0:04:26]} Qxe5 {[%emt 0:00:18]} 21. Nd6+ {[%emt 0:00:07]} Ke7 {[%emt 0:00:10]} 22. Ke2 {[%emt 0:01:58]} Nc5 {[%emt 0:01:21]} 23. Qc4 {[%emt 0:00:13]} Na4 {[%emt 0:16:14]} 24. Rd2 {[%emt 0:07:57]} Nc3+ {[%emt 0:04:49]} 25. Ke1 {[%emt 0:00:09]} Rd8 {[%emt 0:01:55]} 26. f4 {[%emt 0:03:14]} Qa5 {[%emt 0:00:03]} 27. e5 {[%emt 0:02:02]} Nb1 {[%emt 0:00:50]} 28. Rd3 {[%emt 0:06:10]} b3+ {[%emt 0:00:47]} 29. Kf2 {[%emt 0:00:23]} Nd2 {[%emt 0:01:29]} 30. Qxc6 {[%emt 0:03:54]} Rc7 {[%emt 0:01:04]} 31. Nb7 {[%emt 0:01:13]} Rxc6 {[%emt 0:00:51]} 32. Nxa5 {[%emt 0:00:08]} Rxc2 {[%emt 0:00:06]} 33. Rxd8 {[%emt 0:01:59]} Kxd8 {[%emt 0:00:35]} 34. Bd3 {[%emt 0:00:34]} Ra2 {[%emt 0:00:48]} 35. Ke3 {[%emt 0:00:08]} b2 {[%emt 0:00:34]} 36. Rd1 {[%emt 0:00:42]} Ra3 {[%emt 0:00:40]} 37. Kxd2 {[%emt 0:00:17]} Rxa5 {[%emt 0:00:01]} 38. Kc2 {[%emt 0:00:30]} Ra1 {[%emt 0:00:05]} 39. Rb1 {[%emt 0:00:50]} g6 {[%emt 0:00:15]} 40. Kxb2 {[%emt 0:00:00]} Ra5 {[%emt 0:00:00]} 41. Ra1 {[%emt 0:00:51]} Rd5 {[%emt 0:00:07]} 42. Kc3 {[%emt 0:00:07]} a5 {[%emt 0:00:02]} 43. Bc4 {[%emt 0:00:09]} Rc5 {[%emt 0:00:14]} 44. Kd4 {[%emt 0:00:05]} 1-0

[Event "WYCC 2018 O14"]
[Site "Halkidiki"]
[Date "2018.10.29"]
[Round "10"]
[White "Bassini, Emile"]
[Black "Gombocz, Ferenc Jr."]
[Result "1-0"]
[WhiteElo "2002"]
[BlackElo "2271"]
[Annotator "NA"]
[PlyCount "91"]
[EventDate "2018.10.20"]
[EventType "swiss"]
[EventCountry "GRE"]
[SourceTitle "playchess.com"]
[Source "ChessBase"]
[SourceQuality "1"]
[TimeControl "40/5400+30:1800+30"]

1. e4 {[%emt 0:00:00]} e5 {[%emt 0:00:00]} 2. Nf3 {[%emt 0:00:00]} Nc6 {[%emt 0:00:00]} 3. Bb5 {[%emt 0:00:00]} g6 {[%emt 0:00:00]} 4. Nc3 {[%emt 0:06:37]} Bg7 {[%emt 0:03:48]} 5. d3 {[%emt 0:07:38]} a6 {[%emt 0:05:55]} 6. Ba4 {[%emt 0:00:12] LiveBook: 3 Games} d6 {[%emt 0:00:17]} 7. Bg5 {[%emt 0:02:55]} f6 {[%emt 0:01:55]} 8. Be3 {[%emt 0:01:07]} Nh6 {[%emt 0:00:55]} 9. d4 {[%emt 0:03:25]} Bd7 {[%emt 0:02:58]} 10. dxe5 {[%emt 0:04:54]} Nxe5 {[%emt 0:03:26]} 11. Bb3 {[%emt 0:06:17]} Nhf7 {[%emt 0:05:32]} 12. Nxe5 {[%emt 0:11:13]} Nxe5 {[%emt 0:06:30]} 13. Qe2 {[%emt 0:04:56]} Qc8 {[%emt 0:02:56]} 14. O-O {[%emt 0:06:52]} Be6 {[%emt 0:03:00]} 15. Nd5 {[%emt 0:00:33]} Bf7 $18 {[%emt 0:02:58]} 16. f4 {[%emt 0:02:40]} Nc6 {[%emt 0:00:28]} 17. e5 {[%emt 0:03:51]} fxe5 {[%emt 0:11:57]} 18. fxe5 {[%emt 0:00:28]} O-O {[%emt 0:00:47]} 19. exd6 {[%emt 0:07:59]} Kh8 {[%emt 0:08:28]} 20. Nxc7 {[%emt 0:04:45]} Bxb3 {[%emt 0:02:32]} 21. axb3 {[%emt 0:01:01]} Rb8 {[%emt 0:01:50]} 22. c3 {[%emt 0:00:50]} Qd7 {[%emt 0:00:48]} 23. Rad1 {[%emt 0:01:10]} Be5 {[%emt 0:00:38]} 24. Bh6 {[%emt 0:02:18]} Rf5 {[%emt 0:01:14]} 25. Rxf5 {[%emt 0:02:05]} gxf5 {[%emt 0:02:43]} 26. Qd2 {[%emt 0:04:05]} Rg8 {[%emt 0:02:05]} 27. Bf4 {[%emt 0:02:03]} Qg7 {[%emt 0:00:12]} 28. Bxe5 {[%emt 0:01:13]} Nxe5 {[%emt 0:00:33]} 29. Qe2 {[%emt 0:00:43]} f4 {[%emt 0:00:34]} 30. Re1 {[%emt 0:02:16]} Ng4 {[%emt 0:06:58]} 31. Nd5 {[%emt 0:02:50]} Qg5 {[%emt 0:02:34]} 32. Qd2 {[%emt 0:02:13]} Ne5 {[%emt 0:01:47]} 33. Kh1 {[%emt 0:01:40]} Nd3 {[%emt 0:03:21]} 34. Ne7 {[%emt 0:01:24]} f3 {[%emt 0:16:07]} 35. Qxg5 {[%emt 0:00:21]} Rxg5 {[%emt 0:00:04]} 36. d7 {[%emt 0:00:16]} Nf2+ {[%emt 0:00:33]} 37. Kg1 {[%emt 0:00:03]} Nh3+ {[%emt 0:00:06]} 38. Kf1 {[%emt 0:00:11]} fxg2+ {[%emt 0:00:06]} 39. Ke2 {[%emt 0:00:02]} Nf4+ {[%emt 0:01:05]} 40. Kd2 {[%emt 0:00:00]} Ne6 {[%emt 0:00:00]} 41. Rxe6 {[%emt 0:01:05]} Rg8 {[%emt 0:01:07]} 42. Nxg8 {[%emt 0:00:05]} g1=Q {[%emt 0:00:08]} 43. d8=Q {[%emt 0:00:09]} Qxh2+ {[%emt 0:00:32]} 44. Re2 {[%emt 0:00:10]} Qf4+ {[%emt 0:00:07]} 45. Kc2 {[%emt 0:00:09]} Qf5+ {[%emt 0:01:22]} 46. Qd3 {[%emt 0:00:06]} 1-0